Quizzes
Events
Quiz Creation
Community
Videos
Private Events
Remove Ads
Sign In
Join for FREE
Feedback
Dark Mode
Quiz Categories
Sports
Geography
Music
Movies
Television
Just For Fun
Miscellaneous
History
Literature
Language
Science
Gaming
Entertainment
Religion
Holiday
For Kids
Quiz Lab
Recent
Popular Today
Quiz Kudos Today
Editor Picks
Curator Picks
Quizzes by...
Day
Popularity
Type
Ratings
Length
Year
Community
Subscriptions
Recent Discussions
Orange Saloon
Badges
Playlists
Quests
Create
Leaderboards
Showdown
Live 5
Trivia Bingo
Activity
Puzzle Library
Sporcle Events
Private Events
Virtual Trivia
Globe League
Become a Host
Pub Owners
SporcleCon
Opinionation
Our Games
Videos
Blog
Mobile Apps
Partnerships
Remove Ads and Go Orange
Feedback
Just For Fun
Clickable
Get the Picture
Humor
Quick Pick
Word Ladder
Missing Word
Mixed Word
Blitz
Minefield
This or That
Alphabet
Color
Typing
Sporcle
Puzzle
Word Play
Follow That Line
Logic
Just For Fun
Clickable
Get the Picture
Humor
Quick Pick
Word Ladder
Missing Word
Mixed Word
Blitz
Minefield
This or That
Alphabet
Color
Typing
Sporcle
Puzzle
Word Play
Follow That Line
Logic
Random Quiz
Search Sporcle
×
Quiz Lab
Quiz Lab
Just For Fun
Color
Type in answers that appear in a list
Type in answers that appear in a list
Classic
Best Score? Go Orange.
Colored Colors Stats
Can you name the the colors of the words (not the word itself)?
By
sluh
60s
45 Questions
64 Plays
64 Plays
64 Plays
Comments
Comments
Give Quiz Kudos
Give Quiz Kudos
-
- Ratings
hide this ad
More Info
Forced Order
Answers have to be entered in order
Answers have to be entered in order
Wrong Answers
Some wrong answers will appear in red
Some wrong answers will appear in red
Replay
Link that replays current quiz
Next Quiz
Link to next quiz in quiz playlist
You Got
0%
They Got
Avg Score
47%
Avg Friend Score
Upgrade to see
Score Distribution
Jump to the score distribution portion of the page
Score
0/45
Timer
01:00
0
Plays Today
#
Color of the Word (Enter First Letter)
% Correct
1
???
95.3%
2
???
82.8%
3
???
81.3%
5
???
75%
4
???
68.8%
6
???
68.8%
8
???
65.6%
9
???
64.1%
7
???
62.5%
11
???
60.9%
10
???
59.4%
12
???
57.8%
14
???
56.3%
13
???
54.7%
15
???
48.4%
16
???
45.3%
17
???
43.8%
18
???
37.5%
19
???
29.7%
20
???
29.7%
21
???
29.7%
22
???
29.7%
23
???
29.7%
#
Color of the Word (Enter First Letter)
% Correct
24
???
28.1%
25
???
17.2%
26
???
17.2%
27
???
15.6%
28
???
15.6%
29
???
15.6%
31
???
15.6%
30
???
14.1%
32
???
14.1%
33
???
14.1%
34
???
10.9%
35
???
9.4%
36
???
9.4%
37
???
9.4%
38
???
9.4%
39
???
9.4%
40
???
7.8%
41
???
7.8%
42
???
7.8%
43
???
7.8%
44
???
7.8%
45
???
7.8%
Quiz Playlist
Details
Report
Send in Message
Add To Playlist
More Info:
ENTER ANSWERS AS THEY APPEAR HORIZONTALLY.
Classic:
Type in answers that appear in a list
Forced Order:
Answers have to be entered in order
Wrong Answers:
Some wrong answers will appear in red
Last Updated: Feb 16, 2017
Quiz Scoreboard
CHALLENGE
Sign Up to Join the Scoreboard
Show All
Scores
Hide
Comments
May contain spoilers
Recently Published
Movies - When Are They Set?
by FPL_Elf
Movies
5m
Popular People in 1961
by mucciniale
History
6m
1-10 Letter E Words III
by El_Dandy
Language
2m
More to Explore
Quiz From the Vault
Featured Blog Post
Where Did the Easter Bunny Come From?
hide this ad
You Might Also Like...
Tags
Color Quiz
Coded
Today's Top Quizzes in Just For Fun
Browse Just For Fun
hide this ad
Today's Top Quizzes in Color
Browse Color
Top Contributed Quizzes in Just For Fun
1
Crossword Whiteout! 49
2
Harry Potter Logic - 'In Chains' II
3
Survivor Winners Logic Puzzle
4
Zeroing In: Just For Fun
5
Thermometer Puzzle 25
6
Word Ladder: Ahoy Matey
7
1-30 Clickable Mines
8
Aquarium Logic Puzzle 17
9
Big Thermometer Puzzle 21
10
Edinburgh Fringe jokes 2015
Explore More
Trending Topics
Harry Potter
NBA
Anime
Kpop
Disney
Marvel
Crossword
Soccer
Country
The Office
NFL
Song
Pokémon
Puzzle
WWE
hide this ad
More By:
sluh
Quiz
Plays
Rating
Category
Featured
Created
Word Ladder: Easter
12,293
4.25
Just For Fun
Apr 22, 2011
The Office Word Ladder
2,268
3.81
Television
May 2, 2011
Google Fill in the Blanks
1,909
4.56
Just For Fun
May 2, 2011
NBA Championship Word Ladder
664
4.00
Sports
May 31, 2011
Tic Tac Toe
461
2.50
Just For Fun
May 3, 2011
Go to Creator's Profile
Score Distribution
Quiz Creator Spotlight
sluh
Follow
Send a Message
Quizzes Created
-
Created Quiz Play Count
-
More By This Creator
Popular Quizzes Today
1
Find the Countries of Europe - No Outlines Minefield
2
Find the US States - No Outlines Minefield
3
The Countries of the World
4
Popular People in 1961
5
US States
6
1-10 Letter E Words III
7
Find the US States
8
One Thing in Common: World Cities II
More Just For Fun Quizzes
Quick Pick: 'City' Movies
Published
Trending Quizzes
Risky Map Clicking: Least Populous States A-Z
1-10 Letter F Words
1-10 Letter G Words
One Thing in Common: United Kingdom
Risky Map Clicking: Next State Alphabetically
Recently Updated
Leaping Animals
pecheneg
Reality TV Shows (A-Z)
bhenderson79
Rickey Henderson's Hall of Fame Teammates
pecheneg
Champions League XIs: Arsenal
pecheneg
Quick Pick: Celebrities in WWE's Hall of Fame
aduchscher
A-Z Keypad Blitz II
pecheneg
Multiple Oscar Actors
pecheneg
Mystery Phrase Blitz: Oscar 'Best Actors'
pecheneg
F. Scott Fitzgerald Novels
LTH
Pick 3 Villains
ddd62291
Trending Topics
NBA
Kpop
Harry Potter
Crossword
Disney
Anime
Marvel
Song
Soccer
NFL
The Office
Country
Pokémon
WWE
Puzzle
Your Account Isn't Verified!
In order to create a playlist on Sporcle, you need to verify the email address you used during registration. Go to your
Sporcle Settings
to finish the process.
Report this User
Report this user for behavior that violates our
Community Guidelines
.
Details:
Send Report
Go to the Sporcle.com Mobile Site →
Comments